Administratívne centrum REDING II., Račianska ul., Bratislava - Rača

Uložené v:
Podrobná bibliografia
Hlavný autor: Krajčírovičová, Dana (Autor)
Ďalší autori: Hulínová, Zdenka (Vedúci práce)
Médium: Rukopis Kniha
Jazyk:Slovak
Vydavateľské údaje: 2015
Predmet:
On-line prístup:http://is.stuba.sk/zp/portal_zp.pl?podrobnosti=109773
https://opac.crzp.sk/?fn=detailBiblioForm&sid=78283B71680DBAF21447D51D22D4
Tagy: Pridať tag
Žiadne tagy, Buďte prvý, kto otaguje tento záznam!

MARC

LEADER 00000ntm a22000003a 4500
001 stuzp51705
003 SK-STU
005 20231023112436.1
007 ta
008 150427s2015----xo-----f-mn---000-0-slo-d
040 |a STU  |b slo 
041 0 |a slo 
100 1 |a Krajčírovičová, Dana  |u 010270  |4 aut  |U SvF Stavebná fakulta  |T SvF Katedra technológie stavieb  |X 66936  |U V270  |Y 28  |7 A000066936 
242 0 1 |a Administrative center REDING II . , Račianska ul. , Bratislava - Rača  |y eng 
245 1 0 |a Administratívne centrum REDING II., Račianska ul., Bratislava - Rača 
260 |c 2015 
650 4 |a SOILCRETE  |2 slo 
650 4 |a INJEKTAZ  |2 slo 
650 4 |a DIPLOMOVKA  |2 slo 
650 4 |a dissertation  |2 eng 
650 4 |a SOILCRETE  |2 eng 
650 4 |a grouting  |2 eng 
700 1 |a Hulínová, Zdenka  |4 ths  |X 853  |7 A000000853 
856 4 |u http://is.stuba.sk/zp/portal_zp.pl?podrobnosti=109773 
856 4 |u https://opac.crzp.sk/?fn=detailBiblioForm&sid=78283B71680DBAF21447D51D22D4 
SQL |a stuzp51705  |b DDP  |c SLO  |d Administratívne centrum REDING II., Račianska ul., Bratislava - Rača  |e 66936  |f Krajčírovičová, Dana  |g 010270  |h 853  |i Hulínová, Zdenka  |j 20150618  |k 681  |l 01  |m http://is.stuba.sk/zp/portal_zp.pl?podrobnosti=109773  |n I-TS  |o 5.2.8. stavebníctvo